Journal of the Royal Statistical Society. Series C,, Applied statistics

Αποθηκεύτηκε σε:
Λεπτομέρειες βιβλιογραφικής εγγραφής
Συγγραφή απο Οργανισμό/Αρχή: Royal Statistical Society (Great Britain)
Μορφή: Περιοδική έκδοση
Γλώσσα:English
Δημοσίευση: London, UK : Blackwell, 1964-
Θέματα:
Ετικέτες: Προσθήκη ετικέτας
Δεν υπάρχουν, Καταχωρήστε ετικέτα πρώτοι!

MARC

LEADER 00000nas a2200000 i 4500
001 1/97957
008 000113c19649999 eng d
022 |a 00359254 
035 |l 10056331 
040 |a GR-MY-UA  |b gre  |e aacr 
041 0 |a eng 
082 0 |a 310.6 
110 2 |a Royal Statistical Society (Great Britain) 
245 1 0 |a Journal of the Royal Statistical Society.  |n Series C,,  |p Applied statistics  |h [περιοδικό] /  |c Royal Statistical Society 
246 3 3 |a Applied statistics 
260 |a London, UK :   |b Blackwell,   |c 1964- 
300 |a τ.;  |b σχ.;  |c 25 εκ. 
310 |a Τρία τεύχη το χρόνο, 1964-1992 ; Τέσσερα τεύχη το χρόνο, 2003- 
500 |a Η συνδρομή είναι διαθέσιμη σε ηλεκτρονική μορφή από το παγκόσμιο πλέγμα πληροφοριών μέσω του HEALINK(2003- ) 
650 0 0 |a Statistics  |x Periodicals. 
853 |a INST  |b CHIOS  |c SER  |h 310.5 
853 |a INST  |b SAMOS  |c SER 
901 |a BIBL2-2004-1 
922 |a 2ΕΛΗ  |b 199201  |c ΚΕΝΤΡΙΚΗ ΒΙΒΛΙΟΘΗΚΗ  |d SWETS 
970 |a ΣΑΛΑΜΟΥΡΑ  |b ΜΑΡΙΑ  |z 2004/03/26